| 000 | 01518cam a2200337 a 4500 | ||
|---|---|---|---|
| 999 |
_c128097 _d128097 |
||
| 001 | 15685658 | ||
| 003 | ARRUPE | ||
| 005 | 20180904124232.0 | ||
| 008 | 090403s2009 enk 001 0 eng | ||
| 010 | _a 2009275123 | ||
| 015 |
_aGBA873198 _2bnb |
||
| 016 | 7 |
_a014633240 _2Uk |
|
| 020 | _a0567033589 (hbk.) | ||
| 020 | _a9780567033581 (hbk.) | ||
| 020 | _a0567033597 (pbk.) | ||
| 020 | _a9780567033598 (pbk.) | ||
| 035 | _a(OCoLC)ocn212847423 | ||
| 040 |
_aUKM _cUKM _dBTCTA _dBAKER _dYDXCP _dBWKUK _dBWX _dLNT _dDLC |
||
| 042 | _alccopycat | ||
| 050 | 0 | 0 |
_aBT701.3 _b.J36 2009 |
| 082 | 0 | 4 |
_a233.5 _222 |
| 100 | 1 |
_aJanz, Paul D. _941976 |
|
| 245 | 1 | 4 |
_aThe command of grace : _ba new theological apologetics / _cby Paul D. Janz. |
| 260 |
_aLondon ; _aNew York : _bT & T Clark, _cc2009. |
||
| 300 |
_ax, 190 p. ; _c24 cm. |
||
| 504 | _aIncludes bibliographical references and index. | ||
| 505 | 0 | _aTheological apologetics and the reality of God -- Causality and conceptual mono-vision -- Tauto-theology -- God and the poverty of alterity -- Appetition, motion and reason -- Rational integrity, finitude and sin -- Reason, law and revelation -- Christ, reality and history -- The command of grace. | |
| 650 | 0 |
_aTheological anthropology _xChristianity. _941977 |
|
| 650 | 0 |
_aRevelation. _99159 |
|
| 906 |
_a7 _bcbc _ccopycat _d2 _encip _f20 _gy-gencatlg |
||
| 942 |
_2lcc _cMONOGRAPH |
||